000 01147nam0a22003011 4500
001 rc\2369646
005 20250623083547.0
035 _a(NLR Aleph) 006686858
090 _a5121029
_c5121029
100 _a20110829d1976 |||y0rusy50 ca
101 0 _arus
102 _aRU
105 _aa z |||||
200 1 _aВалерий Брюсов
_e[Сборник материалов
_fАН СССР, Ин-т мировой литературы им. А.М. Горького
_gВступ. статья С.В. Шервинского]
210 _aМосква
_cНаука
_d1976
215 _a854 с., 1 л. ил.
_cил.
_d26
225 1 _aЛитературное наследство
_vТ. 85
300 _aРед. сер.: ... В.Р. Шербина (гл. ред.)
320 _aУказ. ил., имен.; с. 830-851
320 _aСписки лит. в тексте
606 _aРусская советская литература
_jСборники
_2rkp
801 0 _aRU
_bNLR
_gpsbo
801 1 _aRU
_bELAR
_2rusmarc
852 _aNLR
_jП35/7
899 _aRuMoRGB
_jZ 14/120
899 _aRuMoRGB
_jЯ 309/96
942 _cBOOK
980 _aNB